000 00715nam a2200217Ia 4500
003 GCL
008 140319s9999 xx 000 0 ara d
040 _aGCL /
_cGCL
082 0 4 _a956.705
_bو ث
100 1 _aوليد محمد سعيد الاعظمى
245 1 0 _aثورة 14 تموز وعبد الكريم قاسم فى الوثائق البريطانية /
_cوليد محمد سعيد الاعظمى
260 _a[S.N] :
_bالمكتبة العالمية ،
_c1989
300 _a254 ص
490 _a
650 0 4 _aالعصر الحديث
650 0 4 _aالعراق
650 0 4 _aالتاريخ
650 0 4 _aعبدالكريم القاسم
650 0 4 _aثورة تموز 1958
942 _2ddc
_cBK
999 _c35944
_d35944